000 00464nam a22001577a 4500
005 20170308103352.0
008 170308b xxu||||| |||| 00| 0 eng d
020 _a97811387744582
040 _cPK-LaUMT
082 _a363.325019
_bEVO-
245 _aEvolutionary psychology and terrorism /
_cedited by Max Taylor, Jason Roach and Ken Pease
260 _aLondon :
_bRoutledge,
_c2016
300 _a190 p.
650 _aTerrorism-Psychological aspects
942 _cBK
999 _c91529
_d91529